Glasgow offices (Record no. 76629)

MARC details
000 -LEADER
fixed length control field 01240cab a2200193 4500
001 - CONTROL NUMBER
control field ##L132783
008 - FIXED-LENGTH DATA ELEMENTS--GENERAL INFORMATION
fixed length control field 060308n2006 000 0 eng u
035 ## - SYSTEM CONTROL NUMBER
System control number (Sirsi) u132783
041 0# - LANGUAGE CODE
Language code of text/sound track or separate title eng
100 1# - MAIN ENTRY--PERSONAL NAME
Personal name Marx, Simon
245 00 - TITLE STATEMENT
Title Glasgow offices
Remainder of title supply shortage may hinder recovery
260 ## - PUBLICATION, DISTRIBUTION, ETC.
Date of publication, distribution, etc. 2006
490 #0 - SERIES STATEMENT
Series statement Property Forecast
Volume/sequential designation 9(2) February 2006, 15-16(2)
520 ## - SUMMARY, ETC.
Summary, etc. A lack of supply is threatening Glasgow's office market. Although it peaked late in 2004, it is now hitting a downward spiral. This fall is due to the renewed demand for high-quality space; a trend that looks set to continue. The availability of grade-A space on the market is slowly wearing away and not being replaced at a quick enough rate. By 2007 and 2008 the market could find itself in a state of instability, leading to a strong upward pressure on rents. However, this weak performance is not predicted to continue into the future. The forecast reads that Glasgow's office investment market is set to outperform the retail and industrial sectors over the medium term, where returns will average 6.5% and 8.6% respectively.
590 ## - LOCAL NOTE (RLIN)
Local note IKA140306
650 24 - SUBJECT ADDED ENTRY--TOPICAL TERM
Topical term or geographic name entry element GLASGOW
690 ## - LOCAL SUBJECT ADDED ENTRY--TOPICAL TERM (OCLC, RLIN)
Topical term or geographic name as entry element PROPERTY-COMMERCIAL PROPERTY-OFFICE PROPERTY
942 ## - ADDED ENTRY ELEMENTS (KOHA)
Suppress in OPAC 0
Holdings
Withdrawn status Lost status Source of classification or shelving scheme Damaged status Not for loan Home library Current library Shelving location Date acquired Total Checkouts Full call number Barcode Date last seen Copy number Price effective from Koha item type
    Dewey Decimal Classification     London London Journal article 08/03/2006   L132783 132783-1001 06/08/2019 1 06/08/2019 Journal article